Ine rupakolu: Tulu janapada rupakolu (Record no. 214741)
[ view plain ]
| 000 -LEADER | |
|---|---|
| fixed length control field | 00708nam a2200217Ia 4500 |
| 003 - CONTROL NUMBER IDENTIFIER | |
| control field | OSt |
| 005 - DATE AND TIME OF LATEST TRANSACTION | |
| control field | 20250916151319.0 |
| 008 - FIXED-LENGTH DATA ELEMENTS--GENERAL INFORMATION | |
| fixed length control field | 210719s1991 xx 000 0 und d |
| 040 ## - CATALOGING SOURCE | |
| Transcribing agency | AL |
| 041 ## - LANGUAGE CODE | |
| Language code of text/sound track or separate title | Tulu |
| 082 ## - DEWEY DECIMAL CLASSIFICATION NUMBER | |
| Classification number | T894.2 MUDI |
| 100 ## - MAIN ENTRY--PERSONAL NAME | |
| Personal name | MUDDU MUDUBELLE |
| 9 (RLIN) | 139159 |
| Dates associated with a name | ಮುದ್ದು ಮೂಡು ಬೆಳ್ಳೆ |
| 245 ## - TITLE STATEMENT | |
| Title | Ine rupakolu: Tulu janapada rupakolu |
| Remainder of title | ಇನೆರೂಪಕೊಲು: ತುಳು ಜಾನಪದ ಇನೆರೂಪಕೊಲು |
| 260 ## - PUBLICATION, DISTRIBUTION, ETC. | |
| Place of publication, distribution, etc. | Bengaluru |
| Name of publisher, distributor, etc. | Tulu Chetana |
| Date of publication, distribution, etc. | 1991 |
| 300 ## - PHYSICAL DESCRIPTION | |
| Extent | 40 |
| Other physical details | PB |
| 365 ## - TRADE PRICE | |
| Price amount | 6 |
| Currency code | Rs |
| 650 ## - SUBJECT ADDED ENTRY--TOPICAL TERM | |
| Topical term or geographic name entry element | Tulu Drama |
| 9 (RLIN) | 139160 |
| 650 ## - SUBJECT ADDED ENTRY--TOPICAL TERM | |
| Topical term or geographic name entry element | Tulu Drama |
| 9 (RLIN) | 139160 |
| 906 ## - LOCAL DATA ELEMENT F, LDF (RLIN) | |
| a | Ine ; janapada ; rupakolu ; rupakolu: ; tulu |
| 942 ## - ADDED ENTRY ELEMENTS (KOHA) | |
| Source of classification or shelving scheme | Dewey Decimal Classification |
| Koha item type | Book |
| Withdrawn status | Lost status | Source of classification or shelving scheme | Damaged status | Not for loan | Collection code | Home library | Current library | Shelving location | Date acquired | Cost, normal purchase price | Total Checkouts | Full call number | Barcode | Date last seen | Price effective from | Koha item type | Public note |
|---|---|---|---|---|---|---|---|---|---|---|---|---|---|---|---|---|---|
| Dewey Decimal Classification | Tulu | St Aloysius Library | St Aloysius Library | 02/17/2021 | 6.00 | 398.2T MUDI | 046576 | 02/17/2021 | 02/17/2021 | Book | |||||||
| Dewey Decimal Classification | Tulu | St Aloysius Library | St Aloysius Library | Secondary stack section | 05/29/2008 | 6.00 | T894.2 MUDI | D03355 | 07/19/2021 | 07/19/2021 | Donated Books | Donated by Dr Mahalinga Bhat |